Enseñar a pensar; aspectos de la aptitud intelectual /
Guardado en:
| Autor Principal: | |
|---|---|
| Formato: | Libro |
| Publicado: |
Barcelona :
Paidós,
1990
|
| Edición: | 2a. ed. |
| Series: | Temas de Educaci¢n, 51
|
| Etiquetas: |
Agregar Etiqueta
Sin Etiquetas, Sea el primero en etiquetar este registro!
|
| LEADER | 00492nam a22001695a 4500 | ||
|---|---|---|---|
| 001 | CEM.cems004660 | ||
| 005 | 20060217000000.0 | ||
| 008 | 130507s1990##################000#0#####d | ||
| 003 | CEMS | ||
| 082 | 0 | 4 | |a 371.3 |
| 100 | 1 | |a Nickerson, Raymond S. | |
| 245 | 1 | 0 | |a Enseñar a pensar; aspectos de la aptitud intelectual / |
| 250 | |a 2a. ed. | ||
| 260 | |a Barcelona : |b Paidós, |c 1990 | ||
| 300 | |a 432 p. | ||
| 490 | 0 | |a Temas de Educaci¢n, 51 | |
| 859 | |a CEMS |b BIB. CEMS - 11 de abril |h 371.3 |i N534a2 |p 16720.92 |t Ej.1 | ||
